[Event "XXXIII Festival Conca della Presolana A"]
[Site "Bratto - Castione della Presolana ITA"]
[Date "2013.08.23"]
[Round "6"]
[White "Kravchenko, Oleg"]
[Black "Mortola, Alberto"]
[WhiteElo "1805"]
[BlackElo "1936"]
[Result "0-1"]
[PlyCount "80"]
[EventDate "2013.08.18"]

1. d4 f5 2. c4 Nf6 3. g3 g6 4. Bg2 Bg7 5. Nc3 d6 6. Nf3 Nc6 7. O-O O-O 8. Rb1
Ne4 9. e3 Nxc3 10. bxc3 e5 11. Ba3 e4 12. Nd2 Re8 13. c5 dxc5 14. Bxc5 b6 15.
Ba3 Ba6 16. c4 Bb7 17. Qa4 h5 18. Rfc1 h4 19. c5 hxg3 20. hxg3 Bf6 21. Bb2 Kg7
22. Rc2 Rh8 23. Rbc1 Ne7 24. c6 Bc8 25. Nc4 Be6 26. Ne5 Nd5 27. Ba3 Qg8 28. Nd7
Qh7 29. Nxf6 Kxf6 30. Qb5 a5 31. Qe2 Bc8 32. f4 Ba6 33. Qd2 Qh2+ 34. Kf2 Rh3
35. Rh1 Qxg3+ 36. Kg1 Rxh1+ 37. Kxh1 Rh8+ 38. Kg1 Nxe3 39. Rc3 Qh2+ 40. Kf2
Qxg2+ 0-1

[Event "XXXIII Festival Conca della Presolana A"]
[Site "Bratto - Castione della Presolana ITA"]
[Date "2013.08.23"]
[Round "6"]
[White "Lazzarini, Sabrina"]
[Black "Listello, Massimiliano"]
[WhiteElo "1824"]
[BlackElo "1767"]
[Result "0-1"]
[PlyCount "108"]
[EventDate "2013.08.18"]

1. e4 c5 2. Nc3 Nc6 3. g3 g6 4. Bg2 Bg7 5. d3 d6 6. Be3 e6 7. Qd2 Nf6 8. Bh6
O-O 9. Bxg7 Kxg7 10. Nge2 a6 11. O-O Qc7 12. f4 Rb8 13. h3 b5 14. g4 b4 15. Nd1
h6 16. Ne3 a5 17. g5 hxg5 18. fxg5 Nh5 19. Ng4 Ba6 20. Nf6 Rh8 21. Nxh5+ Rxh5
22. Qf4 Qe7 23. Qf6+ Qxf6 24. gxf6+ Kg8 25. Nf4 Rh8 26. Rf2 Ne5 27. Rd1 g5 28.
Ne2 Kh7 29. Ng3 Kg6 30. b3 Rb6 31. Ne2 Nd7 32. Rdf1 Rh4 33. a3 Bb7 34. axb4
axb4 35. Ng3 e5 36. Nf5 Rf4 37. Ne3 Nxf6 38. Bf3 Ng8 39. Ng2 Rf6 40. Bh5+ Kg7
41. Bxf7 Kxf7 42. Ne3 Rxf2 43. Rxf2+ Kg7 44. Rg2 Bc8 45. Rxg5+ Kf7 46. h4 Be6
47. Rg2 Nf6 48. Kh2 Rb8 49. Rf2 Rh8 50. Ng2 Kg6 51. Kg1 Bh3 52. Kh1 Bxg2+ 53.
Rxg2+ Kf7 54. Rf2 Rxh4+ 0-1

[Event "XXXIII Festival Conca della Presolana A"]
[Site "Bratto - Castione della Presolana ITA"]
[Date "2013.08.23"]
[Round "6"]
[White "Loccisano, Giuseppe"]
[Black "Guerini, Silvia jr"]
[WhiteElo "1772"]
[BlackElo "1773"]
[Result "1/2-1/2"]
[PlyCount "51"]
[EventDate "2013.08.18"]

1. d4 d5 2. Bf4 Nf6 3. Nf3 Nc6 4. h3 Bd7 5. e3 a6 6. Bd3 e6 7. Nbd2 Nb4 8. Be2
c5 9. c3 Nc6 10. Bd3 Be7 11. O-O O-O 12. dxc5 Bxc5 13. Nb3 Ba7 14. Nbd4 Re8 15.
Ne5 Rc8 16. Nxd7 Qxd7 17. Nxc6 Rxc6 18. Bg5 e5 19. Bc2 Rd6 20. Qd3 e4 21. Qd2
Qf5 22. Bh4 Rd7 23. Bg3 Bb8 24. Bxb8 Rxb8 25. Rad1 Rbd8 26. Bb3 1/2-1/2

[Event "XXXIII Festival Conca della Presolana A"]
[Site "Bratto - Castione della Presolana ITA"]
[Date "2013.08.23"]
[Round "6"]
[White "Macario, Marco"]
[Black "Savoldelli, Dario"]
[WhiteElo "1848"]
[BlackElo "1852"]
[Result "1/2-1/2"]
[PlyCount "64"]
[EventDate "2013.08.18"]

1. e4 e5 2. Nf3 d6 3. Nc3 Nf6 4. d4 Nbd7 5. Bc4 Be7 6. Ng5 O-O 7. Bxf7+ Rxf7 8.
Ne6 Qe8 9. Nxc7 Qd8 10. Nxa8 b6 11. Be3 Ba6 12. Nxb6 axb6 13. f3 Qc7 14. Qd2
Rf8 15. h4 Rd8 16. g4 exd4 17. Bxd4 Ne5 18. Qf2 Rf8 19. Bxe5 dxe5 20. O-O-O Bc5
21. Qd2 Rc8 22. g5 Nh5 23. Nd5 Qf7 24. b4 Bd4 25. c3 Bb7 26. Kb2 Bxd5 27. cxd4
Bc4 28. dxe5 Qxf3 29. Qd7 Ra8 30. a4 Qb3+ 31. Kc1 Qc3+ 32. Kb1 Qb3+ 1/2-1/2

[Event "XXXIII Festival Conca della Presolana A"]
[Site "Bratto - Castione della Presolana ITA"]
[Date "2013.08.23"]
[Round "6"]
[White "Morandi, Daniele"]
[Black "Bonassi, Tommaso"]
[WhiteElo "1893"]
[BlackElo "1949"]
[Result "1-0"]
[PlyCount "56"]
[EventDate "2013.08.18"]

1. e4 c5 2. Nf3 d6 3. d4 cxd4 4. Nxd4 Nf6 5. Nc3 a6 6. Be2 e6 7. O-O Be7 8. Be3
O-O 9. f4 Qc7 10. Kh1 b5 11. a3 Bb7 12. Bf3 Nbd7 13. Qe1 Nc5 14. e5 dxe5 15.
fxe5 Qxe5 16. Bxb7 Nxb7 17. Nc6 Qc7 18. Nxe7+ Qxe7 19. Bg5 Qc5 20. Bxf6 gxf6
21. Ne4 Qxc2 22. Nxf6+ Kg7 23. Nh5+ Kh6 24. Rf6+ Kxh5 25. g4+ Kxg4 26. Qg3+ Kh5
27. Qh3+ Kg5 28. Qh6+ Kg4 1-0

[Event "XXXIII Festival Conca della Presolana A"]
[Site "Bratto - Castione della Presolana ITA"]
[Date "2013.08.23"]
[Round "6"]
[White "Oteri, Aldo"]
[Black "Perico, Gianvittorio"]
[WhiteElo "1772"]
[BlackElo "1875"]
[Result "0-1"]
[PlyCount "128"]
[EventDate "2013.08.18"]

1. f4 e6 2. Nf3 d5 3. e3 Nf6 4. b3 g6 5. Bb2 Bg7 6. Be2 O-O 7. O-O c5 8. Ne5
Nbd7 9. Qe1 Nxe5 10. fxe5 Nd7 11. Qg3 Qc7 12. Na3 Bxe5 13. Bxe5 Qxe5 14. Qxe5
Nxe5 15. d4 cxd4 16. exd4 Nc6 17. c3 a6 18. Nc2 b5 19. a4 bxa4 20. Rxa4 Bb7 21.
Rfa1 Rfc8 22. c4 dxc4 23. bxc4 Ne7 24. Ne3 Nf5 25. Nxf5 gxf5 26. Bf3 Bxf3 27.
gxf3 Kf8 28. c5 e5 29. Rc1 exd4 30. Rxd4 a5 31. Ra4 Ke7 32. Kf2 Ke6 33. Ke3 Kd5
34. Rd4+ Ke6 35. Rd6+ Ke7 36. Kd4 a4 37. Re1+ Kf8 38. c6 a3 39. Kc5 a2 40. Ra1
Ke8 41. Rd7 Ra3 42. Re1+ Kf8 43. c7 a1=Q 44. Rd8+ Kg7 45. Rxa1 Rxc7+ 46. Kd6
Rxa1 47. Kxc7 Rf1 48. Rd3 Rf2 49. h4 Rh2 50. Kd6 Kf6 51. Rd4 Rf2 52. Rf4 Rd2+
53. Kc5 Ke5 54. Rc4 Rd5+ 55. Kc6 Rd4 56. Rxd4 Kxd4 57. Kd6 Ke3 58. Ke5 f4 59.
Kf6 Kxf3 60. h5 Kg4 61. h6 f3 62. Kxf7 f2 63. Kg7 f1=Q 64. Kxh7 Qf8 0-1

[Event "XXXIII Festival Conca della Presolana A"]
[Site "Bratto - Castione della Presolana ITA"]
[Date "2013.08.23"]
[Round "6"]
[White "Razzano, Lorenzo"]
[Black "Drago, Paolo"]
[WhiteElo "1988"]
[BlackElo "1858"]
[Result "0-1"]
[PlyCount "76"]
[EventDate "2013.08.18"]

1. g3 d5 2. Bg2 c6 3. c4 e6 4. Nf3 Nf6 5. O-O Bd6 6. b3 Nbd7 7. Bb2 O-O 8. d3
Re8 9. Nbd2 e5 10. cxd5 cxd5 11. e4 d4 12. a3 b5 13. b4 Nb6 14. Rc1 Bg4 15. h3
Bd7 16. Nb3 Na4 17. Qd2 Qb6 18. Nh4 Be6 19. Na5 Rac8 20. Ba1 Nd7 21. f4 f6 22.
Nf5 Bf8 23. fxe5 fxe5 24. Qg5 Bf7 25. Rxc8 Rxc8 26. Rc1 Rxc1+ 27. Qxc1 g6 28.
Qc8 Qe6 29. Nh6+ Kg7 30. Nxf7 Qxf7 31. Nc6 Nab6 32. Qc7 Qe6 33. Nxd4 exd4 34.
Bxd4+ Kg8 35. Qxa7 Bg7 36. Bf2 Qd6 37. Bf1 Bd4 38. Qa5 Qxg3+ 0-1

[Event "XXXIII Festival Conca della Presolana A"]
[Site "Bratto - Castione della Presolana ITA"]
[Date "2013.08.23"]
[Round "6"]
[White "Rizzi, Volfango"]
[Black "Saracco, Marco"]
[WhiteElo "1916"]
[BlackElo "1872"]
[Result "1/2-1/2"]
[PlyCount "54"]
[EventDate "2013.08.18"]

1. e4 e6 2. d4 d5 3. exd5 exd5 4. Bd3 Bd6 5. Nf3 Bg4 6. O-O Ne7 7. Re1 Qd7 8.
Nbd2 Nbc6 9. c3 O-O 10. Qc2 Bf5 11. Ne5 Bxd3 12. Qxd3 Nxe5 13. dxe5 Bc5 14. Nf3
h6 15. Be3 Bxe3 16. Rxe3 c6 17. Nd4 a6 18. Rae1 c5 19. e6 Qd6 20. Nf3 f5 21.
Re5 Rf6 22. h4 Raf8 23. h5 Rd8 24. Nh4 d4 25. cxd4 cxd4 26. Nf3 b5 27. R5e2 Qc5
1/2-1/2

[Event "XXXIII Festival Conca della Presolana A"]
[Site "Bratto - Castione della Presolana ITA"]
[Date "2013.08.23"]
[Round "6"]
[White "Scagliotti, Guglielmo"]
[Black "Dubois, Martine"]
[WhiteElo "1840"]
[BlackElo "1995"]
[Result "0-1"]
[PlyCount "78"]
[EventDate "2013.08.18"]

1. f4 d5 2. Nf3 g6 3. g3 Bg7 4. Bg2 c6 5. d3 Nh6 6. c3 O-O 7. O-O Qb6+ 8. d4
Nd7 9. Qb3 a5 10. Ne5 Qa7 11. Kh1 Nf5 12. e4 dxe4 13. Bxe4 Nf6 14. Bg2 Be6 15.
Qc2 Rfd8 16. Qf2 Bd5 17. Nd2 Bxg2+ 18. Kxg2 h5 19. Ndf3 e6 20. h3 Ne4 21. Qc2
Nexg3 22. Rg1 Qa6 23. Kf2 h4 24. Nxh4 Nxh4 25. Rxg3 Nf5 26. Rg2 c5 27. dxc5
Bxe5 28. fxe5 Qc4 29. Bg5 Qxc5+ 30. Kf3 Qxe5 31. Bxd8 Qe3+ 32. Kg4 Rxd8 33. Qf2
Qe4+ 34. Kg5 Rd5 35. Rg4 Nh6+ 36. Kh4 Nxg4 37. hxg4 Rh5+ 38. Kg3 Qd3+ 39. Kf4
e5# 0-1

[Event "XXXIII Festival Conca della Presolana A"]
[Site "Bratto - Castione della Presolana ITA"]
[Date "2013.08.23"]
[Round "6"]
[White "Villa, Claudio"]
[Black "Benazzo, Angelo"]
[WhiteElo "1766"]
[BlackElo "1788"]
[Result "1-0"]
[PlyCount "151"]
[EventDate "2013.08.18"]

1. d4 d6 2. c4 g6 3. Nf3 Bg7 4. g3 b6 5. Bg2 Bb7 6. O-O Nf6 7. Nc3 O-O 8. Qc2
e6 9. Rd1 Qe7 10. Bg5 h6 11. Bf4 Nh5 12. Bd2 Nd7 13. Nh4 Bxg2 14. Nxg2 c6 15.
Qa4 Rfc8 16. Rac1 g5 17. Be1 Nhf6 18. e4 a6 19. Qa3 Re8 20. Rc2 b5 21. cxb5
axb5 22. Qb3 Nb6 23. Re2 Nfd7 24. a3 Na4 25. Qc2 Ra7 26. Nxa4 bxa4 27. Qxc6 Nb8
28. Qc2 Qb7 29. Bc3 Nd7 30. Ne3 Nb6 31. Ng4 Nc4 32. e5 Rc8 33. exd6 Nxd6 34.
Ne5 Nf5 35. Qd3 Ne7 36. Nc4 Rd8 37. Qe3 Nd5 38. Qc1 Qb5 39. Be1 Rc8 40. Rc2 Qb3
41. Rdd2 Rac7 42. Ne3 Rxc2 43. Rxc2 Rxc2 44. Nxc2 Qc4 45. Qd2 Nf6 46. f3 g4 47.
fxg4 Nxg4 48. Bf2 Nf6 49. Ne3 Qc6 50. Qe2 Ne4 51. Ng4 f5 52. Ne5 Qd5 53. Nf3
Bf6 54. Qc2 Qa2 55. Be3 Kg7 56. Kg2 Qd5 57. Qc7+ Kg6 58. Nh4+ Bxh4 59. gxh4
Nd2+ 60. Kh3 Nf1 61. Qf4 Nxe3 62. Qxe3 Qe4 63. Qxe4 fxe4 64. Kg4 e3 65. Kf3 e5
66. Kxe3 exd4+ 67. Kxd4 Kh5 68. b4 axb3 69. Kc3 Kxh4 70. a4 Kh3 71. a5 Kxh2 72.
a6 h5 73. a7 h4 74. a8=Q h3 75. Qb8+ Kg1 76. Qg3+ 1-0

[Event "XXXIII Festival Conca della Presolana A"]
[Site "Bratto - Castione della Presolana ITA"]
[Date "2013.08.23"]
[Round "6"]
[White "Zuliani, Francesco"]
[Black "Oppici, Gabriele"]
[WhiteElo "1803"]
[BlackElo "2002"]
[Result "1/2-1/2"]
[PlyCount "49"]
[EventDate "2013.08.18"]

1. e4 Nc6 2. d4 e5 3. Nf3 exd4 4. Nxd4 Bb4+ 5. c3 Bc5 6. Nxc6 bxc6 7. Bd3 d6 8.
O-O Ne7 9. Bg5 Be6 10. Nd2 Qd7 11. Nb3 Bb6 12. Nd4 f6 13. Nxe6 Qxe6 14. Bc1 Ng6
15. Kh1 Ne5 16. Bc2 Qg4 17. f3 Qh4 18. Bb3 Bf2 19. Qe2 Bg3 20. h3 g5 21. Be6
Ke7 22. Bf5 h5 23. Qe3 Rhf8 24. b3 Kf7 25. Bb2 1/2-1/2

[Event "XXXIII Festival Conca della Presolana A"]
[Site "Bratto - Castione della Presolana ITA"]
[Date "2013.08.24"]
[Round "7"]
[White "Benazzo, Angelo"]
[Black "Rizzi, Volfango"]
[WhiteElo "1788"]
[BlackElo "1916"]
[Result "1/2-1/2"]
[PlyCount "43"]
[EventDate "2013.08.18"]

1. Nf3 d5 2. g3 Nf6 3. Bg2 c5 4. d3 Nc6 5. Nbd2 e5 6. e4 d4 7. a4 Bd6 8. Nc4
O-O 9. h3 Re8 10. O-O Bc7 11. Bg5 Be6 12. b3 Qd7 13. Bxf6 gxf6 14. g4 Ne7 15.
Nh4 Ng6 16. Nxg6 fxg6 17. Qf3 Rf8 18. Qg3 Rf7 19. f3 Raf8 20. Kh2 Rg7 21. h4
Bxc4 22. bxc4 1/2-1/2

[Event "XXXIII Festival Conca della Presolana A"]
[Site "Bratto - Castione della Presolana ITA"]
[Date "2013.08.24"]
[Round "7"]
[White "Bonassi, Tommaso"]
[Black "Gardi, Giuseppe"]
[WhiteElo "1949"]
[BlackElo "1999"]
[Result "0-1"]
[PlyCount "58"]
[EventDate "2013.08.18"]

1. e4 d6 2. d4 Nf6 3. Nc3 g6 4. f4 Bg7 5. h3 O-O 6. Nf3 Nc6 7. Bc4 e5 8. fxe5
dxe5 9. d5 Nd4 10. O-O Nxf3+ 11. Qxf3 Ne8 12. Qg3 Nd6 13. Bd3 Bd7 14. Nd1 f5
15. exf5 e4 16. fxg6 exd3 17. gxh7+ Kh8 18. Rxf8+ Qxf8 19. Qxd3 Bf5 20. Qb3 Re8
21. Be3 Qe7 22. c4 b6 23. Rc1 Bxh7 24. c5 Nf5 25. Bf2 Nd4 26. Bxd4 Bxd4+ 27.
Nf2 Qe2 28. Qf3 Qxf3 29. gxf3 Re2 0-1

[Event "XXXIII Festival Conca della Presolana A"]
[Site "Bratto - Castione della Presolana ITA"]
[Date "2013.08.24"]
[Round "7"]
[White "Delledonne, Francesco"]
[Black "Mortola, Alberto"]
[WhiteElo "1916"]
[BlackElo "1936"]
[Result "1-0"]
[PlyCount "115"]
[EventDate "2013.08.18"]

1. e4 e5 2. Nf3 Nf6 3. Nxe5 d6 4. Nf3 Nxe4 5. Nc3 Nxc3 6. dxc3 Nc6 7. Bf4 Bd7
8. Qd2 Be7 9. O-O-O O-O 10. Bd3 Bf6 11. Ng5 Bxg5 12. Bxg5 Qc8 13. h4 Ne5 14. f3
b5 15. h5 f6 16. Bf4 Qa6 17. Kb1 Be6 18. b3 Rab8 19. Bxe5 dxe5 20. Qe3 Rfe8 21.
g4 Qb6 22. Qe4 f5 23. gxf5 Bf7 24. f6 Qxf6 25. Qxh7+ Kf8 26. f4 Bg8 27. fxe5
Rxe5 28. Qg6 Qxg6 29. hxg6 Ke7 30. Rde1 Rxe1+ 31. Rxe1+ Kf6 32. Rf1+ Ke7 33.
Rf4 Rb6 34. Kb2 a6 35. a4 Be6 36. a5 Rd6 37. Rd4 c5 38. Rf4 c4 39. bxc4 Bxc4
40. Bxc4 bxc4 41. Rf7+ Ke8 42. Rxg7 Kf8 43. Rb7 Rd5 44. Ka3 Rxa5+ 45. Kb4 Ra2
46. Ra7 Rxc2 47. Rxa6 Rg2 48. Kxc4 Ke7 49. Kb5 Rb2+ 50. Kc5 Rg2 51. c4 Rg1 52.
g7 Kf7 53. Ra7+ Ke6 54. Kc6 Rg2 55. c5 Rg1 56. Rd7 Rg2 57. Kc7 Rg1 58. c6 1-0

[Event "XXXIII Festival Conca della Presolana A"]
[Site "Bratto - Castione della Presolana ITA"]
[Date "2013.08.24"]
[Round "7"]
[White "Dieli, Alberto"]
[Black "Scagliotti, Guglielmo"]
[WhiteElo "1974"]
[BlackElo "1840"]
[Result "1-0"]
[PlyCount "93"]
[EventDate "2013.08.18"]

1. d4 f5 2. c4 g6 3. Nc3 Nf6 4. Nf3 Bg7 5. Bg5 d6 6. Qc2 O-O 7. O-O-O c6 8. h4
Qa5 9. h5 Ne4 10. e3 Na6 11. a3 Nxc3 12. Qxc3 Qxc3+ 13. bxc3 Re8 14. hxg6 hxg6
15. Be2 Bd7 16. Rh2 Kf7 17. Bf4 c5 18. Ng5+ Kf6 19. Bf3 Bc6 20. d5 Bd7 21. Rdh1
Nc7 22. Nh7+ Kf7 23. Kc2 Rab8 24. e4 b5 25. Ng5+ Kg8 26. Rh7 bxc4 27. Rxg7+
Kxg7 28. Rh7+ Kg8 29. e5 Ba4+ 30. Kc1 Nb5 31. Rh6 Kg7 32. Ne6+ Kf7 33. Rh7+ Kg8
34. Rg7+ Kh8 35. Rxg6 Nxc3 36. exd6 exd6 37. Rh6+ Kg8 38. Rg6+ Kh8 39. Bxd6
Rb1+ 40. Kd2 Ne4+ 41. Bxe4 fxe4 42. Be5+ Kh7 43. Rg7+ Kh6 44. Bf4+ Kh5 45. g4+
Kh4 46. Bg3+ Kh3 47. Nf4# 1-0

[Event "XXXIII Festival Conca della Presolana A"]
[Site "Bratto - Castione della Presolana ITA"]
[Date "2013.08.24"]
[Round "7"]
[White "Domenighini, Alessandro"]
[Black "Loccisano, Giuseppe"]
[WhiteElo "1763"]
[BlackElo "1772"]
[Result "1/2-1/2"]
[PlyCount "74"]
[EventDate "2013.08.18"]

1. d4 Nf6 2. c4 g6 3. Nc3 d5 4. Nf3 Bg7 5. Bf4 O-O 6. e3 a6 7. Be2 dxc4 8. Bxc4
b5 9. Bb3 Bb7 10. Rc1 Nbd7 11. Ne2 Rc8 12. O-O Nh5 13. Bg5 h6 14. Bh4 g5 15.
Bg3 c5 16. Bc2 f5 17. h3 Nxg3 18. Nxg3 e6 19. Bb1 Bxf3 20. Qxf3 cxd4 21. Rcd1
Qb6 22. exd4 Nf6 23. Rfe1 Rfd8 24. Nh5 Nxh5 25. Qxh5 Rxd4 26. Rxd4 Qxd4 27. Qg6
Qf6 28. Qxf6 Bxf6 29. Rxe6 Rc1+ 30. Kh2 Kf7 31. Bxf5 Rc5 32. g4 Re5 33. Rxa6
Re2 34. Ra7+ Kf8 35. Ra8+ Kg7 36. Ra7+ Kf8 37. Ra8+ Kg7 1/2-1/2

[Event "XXXIII Festival Conca della Presolana A"]
[Site "Bratto - Castione della Presolana ITA"]
[Date "2013.08.24"]
[Round "7"]
[White "Drago, Paolo"]
[Black "Boccalatte, Piero"]
[WhiteElo "1858"]
[BlackElo "1972"]
[Result "1-0"]
[PlyCount "59"]
[EventDate "2013.08.18"]

1. d4 d5 2. c4 c6 3. Nc3 e6 4. Nf3 Nd7 5. Bg5 Be7 6. Bf4 Ngf6 7. e3 O-O 8. cxd5
exd5 9. Bd3 Re8 10. Qc2 Nf8 11. h3 Ng6 12. Bh2 Bd6 13. Bxd6 Qxd6 14. O-O Bd7
15. Rab1 a5 16. a3 Be6 17. Na4 Nd7 18. Rfc1 Ngf8 19. b4 axb4 20. axb4 b5 21.
Nc5 Rec8 22. Nb7 Qb8 23. Na5 c5 24. dxc5 Nxc5 25. bxc5 Rxa5 26. Qc3 Qa7 27.
Bxb5 Bf5 28. Rb3 Rb8 29. Nd4 Bc8 30. Nc6 1-0

[Event "XXXIII Festival Conca della Presolana A"]
[Site "Bratto - Castione della Presolana ITA"]
[Date "2013.08.24"]
[Round "7"]
[White "Dubois, Martine"]
[Black "Morandi, Daniele"]
[WhiteElo "1995"]
[BlackElo "1893"]
[Result "1-0"]
[PlyCount "59"]
[EventDate "2013.08.18"]

1. e4 e5 2. Nc3 Nc6 3. g3 Bc5 4. Bg2 Nf6 5. Nge2 d6 6. Na4 Bb6 7. Nxb6 axb6 8.
O-O Be6 9. f4 Bg4 10. h3 Bxe2 11. Qxe2 Qe7 12. c3 O-O-O 13. b4 h5 14. a4 h4 15.
g4 exf4 16. d4 g5 17. a5 d5 18. e5 Ne4 19. Bxe4 dxe4 20. Qxe4 bxa5 21. b5 Na7
22. Rxa5 Kb8 23. Ba3 Qd7 24. Bc5 Nxb5 25. Rfa1 c6 26. c4 Nc7 27. Bd6 Qxd6 28.
exd6 Rxd6 29. Rxg5 Ne6 30. Qe5 1-0

[Event "XXXIII Festival Conca della Presolana A"]
[Site "Bratto - Castione della Presolana ITA"]
[Date "2013.08.24"]
[Round "7"]
[White "Fiscato, Claudio"]
[Black "Zuliani, Francesco"]
[WhiteElo "1775"]
[BlackElo "1803"]
[Result "1/2-1/2"]
[PlyCount "85"]
[EventDate "2013.08.18"]

1. c4 g6 2. g3 Bg7 3. Bg2 Nf6 4. Nc3 O-O 5. d3 c5 6. e4 Nc6 7. Nge2 d6 8. h3 a6
9. O-O Rb8 10. a4 Nd4 11. Nxd4 cxd4 12. Ne2 Nd7 13. b4 b5 14. cxb5 axb5 15. a5
e5 16. Bd2 Bb7 17. Qb3 Qe7 18. Rac1 Rbc8 19. Kh2 Nb8 20. h4 Na6 21. Bh3 Rcd8
22. Ng1 Kh8 23. Bg2 Qe6 24. Qxe6 fxe6 25. Nf3 h6 26. Ne1 d5 27. f3 dxe4 28.
fxe4 Rxf1 29. Bxf1 Bf8 30. Rb1 Rc8 31. Rb2 Kg7 32. Nc2 Bc6 33. g4 Be7 34. Kg3
Rf8 35. Bg2 Kh7 36. Ne1 Kg7 37. Nf3 Bd6 38. Ng1 Bd7 39. Ne2 Be7 40. Nc1 Rc8 41.
Na2 Kh7 42. Bf3 Rf8 43. Be2 1/2-1/2

[Event "XXXIII Festival Conca della Presolana A"]
[Site "Bratto - Castione della Presolana ITA"]
[Date "2013.08.24"]
[Round "7"]
[White "Foglieni, Matteo"]
[Black "Kravchenko, Oleg"]
[WhiteElo "1809"]
[BlackElo "1805"]
[Result "1/2-1/2"]
[PlyCount "101"]
[EventDate "2013.08.18"]

1. Nf3 Nf6 2. g3 b6 3. Bg2 Bb7 4. O-O e6 5. d3 Be7 6. e4 d6 7. Re1 O-O 8. Nbd2
c5 9. c3 Nc6 10. b3 Qc7 11. Bb2 Rac8 12. a3 Ne5 13. Nc4 Nxf3+ 14. Bxf3 b5 15.
Nd2 d5 16. e5 Nd7 17. Qe2 Bg5 18. Nf1 c4 19. d4 cxb3 20. h4 Be7 21. Qxb5 Qb6
22. Be2 Qxb5 23. Bxb5 Nb6 24. Reb1 a5 25. a4 Nc4 26. Bc1 b2 27. Bxb2 Nxb2 28.
Rxb2 Rxc3 29. Ne3 Rfc8 30. Bd7 R8c7 31. Rab1 Bb4 32. Bb5 Kf8 33. Kf1 Bc6 34.
Bxc6 R7xc6 35. Ke2 Ke7 36. Rb3 Rxb3 37. Rxb3 Rc1 38. Rb2 Ra1 39. Nc2 Rxa4 40.
Kd3 Kd7 41. Nxb4 Rxb4 42. Rc2 Rb3+ 43. Kd2 Rb7 44. Rc5 Ra7 45. Rc3 a4 46. Kc2
Rc7 47. Rxc7+ Kxc7 48. Kc3 Kb6 49. Kb4 a3 50. Kxa3 Ka5 51. g4 1/2-1/2

[Event "XXXIII Festival Conca della Presolana A"]
[Site "Bratto - Castione della Presolana ITA"]
[Date "2013.08.24"]
[Round "7"]
[White "Gagliardi, Claudio"]
[Black "Lazzarini, Sabrina"]
[WhiteElo "1766"]
[BlackElo "1824"]
[Result "1-0"]
[PlyCount "103"]
[EventDate "2013.08.18"]

1. e4 e5 2. Nf3 Nf6 3. Nc3 Bb4 4. Nd5 Nxd5 5. exd5 e4 6. Qe2 O-O 7. Nd4 Re8 8.
Nf5 d6 9. Ne3 Qg5 10. Qc4 Bc5 11. b4 Bb6 12. Bb2 c6 13. h4 Qh6 14. Be2 Bxe3 15.
dxe3 cxd5 16. Qxd5 Nc6 17. a3 Qe6 18. O-O-O Qxd5 19. Rxd5 Be6 20. Rxd6 Rac8 21.
Rhd1 Ne7 22. R6d2 Nf5 23. g3 Nh6 24. Bb5 Rf8 25. Bd7 Bxd7 26. Rxd7 Ng4 27. R1d2
Rb8 28. R7d5 h6 29. Be5 Rbc8 30. Bd4 a6 31. Rd7 b5 32. Bc5 Rfe8 33. Kb2 Ne5 34.
R7d4 Nf3 35. c3 Nxd2 36. Rxd2 Rcd8 37. Bd4 f6 38. Kb3 Kf7 39. a4 g5 40. axb5
axb5 41. h5 g4 42. Ra2 Rd5 43. c4 bxc4+ 44. Kxc4 Rxh5 45. Ra7+ Re7 46. b5 Rh1
47. b6 Rc1+ 48. Kd5 f5 49. Rxe7+ Kxe7 50. b7 Rb1 51. Kc6 Kd8 52. Bb6+ 1-0

[Event "XXXIII Festival Conca della Presolana A"]
[Site "Bratto - Castione della Presolana ITA"]
[Date "2013.08.24"]
[Round "7"]
[White "Hunt, Caro"]
[Black "Guerini, Sara"]
[WhiteElo "1833"]
[BlackElo "1723"]
[Result "0-1"]
[PlyCount "36"]
[EventDate "2013.08.18"]

1. e4 e5 2. Nf3 Nc6 3. Bc4 Bc5 4. O-O d6 5. h3 Nf6 6. d3 Be6 7. Bb3 Qd7 8. Bxe6
fxe6 9. c3 O-O 10. Be3 Bb6 11. Nbd2 d5 12. Bxb6 axb6 13. Re1 Rae8 14. Qc2 Qf7
15. Nf1 Nh5 16. Ng3 Nf4 17. Kh2 Nxg2 18. Ng5 Nxe1 0-1

[Event "XXXIII Festival Conca della Presolana A"]
[Site "Bratto - Castione della Presolana ITA"]
[Date "2013.08.24"]
[Round "7"]
[White "Listello, Massimiliano"]
[Black "Razzano, Lorenzo"]
[WhiteElo "1767"]
[BlackElo "1988"]
[Result "1/2-1/2"]
[PlyCount "70"]
[EventDate "2013.08.18"]

1. e4 g6 2. d4 Bg7 3. Nc3 a6 4. f4 d5 5. e5 h5 6. Nf3 Bg4 7. h3 Bxf3 8. Qxf3 e6
9. Bd3 Nc6 10. Be3 Nh6 11. Bf2 h4 12. a3 Qe7 13. Qe2 Nf5 14. Bxf5 gxf5 15. Qd3
Rh6 16. Ne2 Qd7 17. b4 Bf8 18. Qb3 Ne7 19. O-O-O c6 20. Kb2 Nc8 21. Nc1 Nb6 22.
c3 Nc4+ 23. Kc2 a5 24. Kd3 a4 25. Qa2 b5 26. Ke2 O-O-O 27. Nd3 Be7 28. Nb2 Rg8
29. Rhg1 Rhg6 30. Kf1 R8g7 31. Rd3 Qd8 32. Nxc4 dxc4 33. Rf3 Qd5 34. Qe2 Kb7
35. Qe3 Bd8 1/2-1/2

[Event "XXXIII Festival Conca della Presolana A"]
[Site "Bratto - Castione della Presolana ITA"]
[Date "2013.08.24"]
[Round "7"]
[White "Oteri, Aldo"]
[Black "Iasman, Inna"]
[WhiteElo "1772"]
[BlackElo "1970"]
[Result "0-1"]
[PlyCount "104"]
[EventDate "2013.08.18"]

1. e4 c6 2. d4 d5 3. exd5 cxd5 4. c4 Nf6 5. Nc3 e6 6. Nf3 Bb4 7. cxd5 Nxd5 8.
Qc2 Nc6 9. Bd3 Nf6 10. a3 Be7 11. Be3 O-O 12. O-O Bd7 13. Rfe1 Rc8 14. Rad1 h6
15. Qe2 Qa5 16. Bd2 Qb6 17. Bf4 a6 18. Ne4 Nxe4 19. Qxe4 f5 20. Qe3 g5 21. Nxg5
hxg5 22. Bxg5 Rf7 23. Bxe7 Nxe7 24. Qe2 Qc7 25. Qd2 Rh7 26. g3 Qd8 27. Rc1 Rxc1
28. Rxc1 Bc6 29. Bc4 Nd5 30. Bf1 Qf6 31. Bg2 Qh6 32. Qxh6 Rxh6 33. h4 Kf7 34.
Kh2 Rh8 35. Kh3 Rd8 36. Rd1 Rc8 37. Rd2 Nf6 38. f3 Bd5 39. g4 fxg4+ 40. fxg4
Bxg2+ 41. Rxg2 Rc4 42. Rd2 Ne4 43. Rg2 Rxd4 44. Rc2 Rd3+ 45. Kh2 Rd2+ 46. Rxd2
Nxd2 47. Kg3 Nc4 48. Kf4 Nxb2 49. Ke5 Nc4+ 50. Kf4 Nxa3 51. h5 b5 52. g5 b4 0-1

[Event "XXXIII Festival Conca della Presolana A"]
[Site "Bratto - Castione della Presolana ITA"]
[Date "2013.08.24"]
[Round "7"]
[White "Perico, Gianvittorio"]
[Black "Grazzi, Roberto"]
[WhiteElo "1875"]
[BlackElo "2021"]
[Result "1/2-1/2"]
[PlyCount "43"]
[EventDate "2013.08.18"]

1. e4 e5 2. Nf3 Nc6 3. d4 exd4 4. Nxd4 Nf6 5. Nc3 Bb4 6. Nxc6 bxc6 7. Bd3 d6 8.
Bg5 h6 9. Bh4 Be6 10. O-O g5 11. Bg3 h5 12. e5 Ng4 13. exd6 cxd6 14. Be2 h4 15.
Bxg4 hxg3 16. hxg3 Qf6 17. Bxe6 fxe6 18. Qg4 Qh6 19. Qh3 O-O-O 20. Rfe1 g4 21.
Qxh6 Rxh6 22. a3 1/2-1/2

[Event "XXXIII Festival Conca della Presolana A"]
[Site "Bratto - Castione della Presolana ITA"]
[Date "2013.08.24"]
[Round "7"]
[White "Peron, Davide"]
[Black "Macario, Marco"]
[WhiteElo "1784"]
[BlackElo "1848"]
[Result "1/2-1/2"]
[PlyCount "79"]
[EventDate "2013.08.18"]

1. e4 c5 2. Nf3 e6 3. c3 Nc6 4. Be2 g6 5. O-O Bg7 6. d4 cxd4 7. cxd4 d5 8. e5
Nge7 9. b3 O-O 10. Bb2 Bd7 11. Na3 a6 12. Nc2 f6 13. Qd2 fxe5 14. dxe5 Rc8 15.
Rae1 Nf5 16. b4 Qb6 17. Bd3 Bh6 18. Ng5 Nd8 19. Kh1 Bb5 20. f4 Bxd3 21. Qxd3
Rc4 22. Nh3 Nc6 23. a3 a5 24. g4 Nfe7 25. g5 Bg7 26. Ne3 Re4 27. b5 Nd4 28.
Nxd5 exd5 29. Rxe4 dxe4 30. Qxd4 Qxb5 31. Re1 Nc6 32. Qf2 Bxe5 33. Bxe5 Nxe5
34. Rxe4 Qc6 35. Qe2 Ng4 36. Kg1 Rd8 37. Qa2+ Kf8 38. Qe2 Qc1+ 39. Kg2 Rd2 40.
Re8+ 1/2-1/2